مكتبة جامعة عجلون الوطنية

فهرس بحث المكتبة

Normal view MARC view
  • علاونة ،جهاد

Entry Personal Name

Number of records used in: 1

001 - CONTROL NUMBER

  • control field: 22616

003 - CONTROL NUMBER IDENTIFIER

  • control field: JO-AjAnu

005 - DATE AND TIME OF LATEST TRANSACTION

  • control field: 20230606073912.0

008 - FIXED-LENGTH DATA ELEMENTS

  • fixed length control field: 230606|| aca||aabn | a|a d

040 ## - CATALOGING SOURCE

  • Original cataloging agency: JO-AjAnu
  • Transcribing agency: JO-AjAnu

100 ## - HEADING--PERSONAL NAME

  • Personal name: علاونة ،جهاد

670 ## - SOURCE DATA FOUND

  • Source citation: Work cat.: (JO-AjAnu)11624: علاونة ،جهاد, author, الفردية والجماعية في ضوء التطور:دراسة عن سلامة موسى والعقاد وسيد درويش